000 01189cam a2200277 i 4500
999 _c58075
_d58075
001 18653440
005 20210608135542.0
008 150610s2016 mdu b 001 0 eng
020 _a9781598577334
041 _ageo
080 _a376.2 P-90
245 0 0 _aPromoting language and literacy in children who are deaf or hard of hearing /
_cedited by Mary Pat Moeller, David J. Ertmer and Carol Stoel-Gammon.
264 1 _aBaltimore :
_bBrookes Publishing,
_c2016.
300 _a432 pages ;
_c26 cm.
500 _a+ 1 CD
653 _aГлухие дети
653 _aЯЗЫКОВЫЕ ИСКУССТВА И ДИСЦИПЛИНЫ
653 _aენის ხელოვნება და დისციპლინები
653 _aაუდიოლოგია და სიტყვის პათოლოგია
653 _aАудиология и патология речи
653 _aყრუ ბავშვები
700 1 _aMoeller, Mary Pat,
_eრედაქტორი
_911979
700 1 _aErtmer, David J.,
_eრედაქტორი
_911980
700 1 _aStoel-Gammon, Carol
_eრედაქტორი
_911981
942 _2udc
_cBK